20 Strange Signs & Billboards Quiz Stats

Quiz Updated Dec 8, 2014

Challenge
Share
Tweet
Score 0/20 Timer 06:00
8 Plays Today
% Correct
Hair
97.1%
Eat
94.6%
Bridge
91.9%
Pets
87.7%
Won't
87.3%
There
86.8%
Dads
86.8%
Fixed
82.6%
Lawn
79.7%
Nothing
75.8%
% Correct
Cows
74.5%
Heart
74.4%
Finger
73.6%
Lett3r$
70.8%
Rocks
65.2%
Only
63.7%
Fitness
58%
Paternity
57.3%
Prison
41.2%
Hiring
28.7%

You're not logged in!

Compare scores with friends on all Sporcle quizzes.
Sign Up with Email
OR
Log In

You Might Also Like...

Show Comments

Extras

Top Quizzes Today


Score Distribution

Your Account Isn't Verified!

In order to create a playlist on Sporcle, you need to verify the email address you used during registration. Go to your Sporcle Settings to finish the process.